Easy General Knowledge - Politics - Statistics

General Stats
  • This quiz has been taken 584 times
  • The average score is 14 of 20
Answer Stats
Hint Answer % Correct
Which country invaded the Ukraine in 2022? Russia
99%
What means "EU"? European Union
89%
Which country is known for its “Brexit” referendum to leave the European Union? United Kingdom
87%
Who is the current US-President? Joe Biden
85%
What country is known for its policy of neutrality and is home to the International Red Cross? Switzerland
84%
Which political party is symbolized by an elephant in the United States? {Republican} Party
82%
Which two persons developed Marxism? Karl Marx
80%
What political ideology is current in China? Communism
74%
Who was the first President of South Africa after the end of apartheid? Nelson Mandela
72%
Who was the first female Prime Minister of the United Kingdom? Margaret Thatcher
71%
What country was former known as Persia? Iran
68%
How many countries are in the EU? 27
66%
Which island is divided between Greek and Turkish communities? Cyprus
66%
Who was the first female Chancellor of Germany? Angela Merkel
65%
Who is the Prime Minister of the UK? Rishi Sunak
64%
Which place is known for the birthplace of the democracy? Athens
56%
What was the biggest colonial empire in the entire history? British Empire
56%
Which terror organisation is responsible for 9/11? Al-Qaeda
55%
Which political leader is famous for the phrase, “Yes, we can”? Barack Obama
47%
Which two persons developed Marxism? Friedrich Engels
46%
No matching quizzes found
Score Distribution
Percent of People with Each Score
Percentile by Number Answered
Your Score History
You have not taken this quiz